000 00825nam a2200217Ia 4500
003 OSt
005 20241121102716.0
007 ca aa aaaaa
008 201103s9999 xx 000 0 und d
040 _cSSBUL
041 _abur
082 _a၂၉၄.၃၈၂၄၇ ပ
_223
_b၉၁၂၇(၁) S-SAT
100 _a ပညာအလင်းပြ
_917264
245 0 _aပဋ္ဌာန်းပါဠိတော်အသံထွက်/
_cပညာအလင်းပြ
250 _aဆဌမအကြိမ်။
260 _aရန်ကုန် ၊
_bရွှေပုရပိုဒ်စာပေ၊
_c၁၉၉၈။
300 _a၈၁ စာမျက်နှာ၊
_c၁၈ စင်တီ။
500 _aS-SAT: Dr.Sai Aung Tun Collection
650 _aပဌာန်း
_923849
942 _2ddc
_cBK1
999 _c16624
_d16624